000 01863nam0a2200337 4500
001 RU\NLR\bibl\76338
005 20250616101915.0
010 _a5-89199-001-6
_930000
021 _aRU
_b1998-42066
_92022
035 _a(NLR Aleph) 000074511
090 _a412411
_c412411
100 _a20000322d1998 |||y0rusy50 ca
101 0 _arus
102 _aRU
105 _aa |||||||||
200 1 _aАвтомобили "Москвич" модели 2141-01, 21412-01, 214122, 214123, 2335, 23352, 233522, 233523
_eТехн. обслуж. и текущий ремонт
210 _aМ.
_cАвто-книга
_d1998
215 _a292,[3] с.
_cил.
_d26
_e[3] отд. л. схем.
300 _aНа обл.: Автомобиль Москвич 2141; 2335 и их модификации: Объем цилиндров 1,57; 1,48; 1,7; 1,8
512 1 _aАвтомобиль Москвич 2141; 2335 и их модификации: Объем цилиндров 1,57; 1,48; 1,7; 1,8
606 0 _aАвтомобили "Москвич" 2335
_jРуководства, пособия и т.п.
_xЭксплуатация
_91171154
_3RU\NLR\auth\66152281
606 0 _a"Москвич" 2141, легковые автомобили
_jРуководства, пособия и т.п.
_xЭксплуатация
_92097551
_3RU\NLR\auth\661268972
606 0 _a"Москвич" 2335, легковые автомобили
_jРуководства, пособия и т.п.
_xЭксплуатация
_92097553
_3RU\NLR\auth\661268973
606 0 _aАвтомобили "Москвич" 2141
_jРуководства, пособия и т.п.
_xЭксплуатация
_91051579
_3RU\NLR\auth\6688487
686 _aО335.52-08я7
801 0 _aRU
_bNLR
_c20000322
_gPSBO
801 1 _aRU
_bNLR
_c20000322
852 _aNLR
_j99-7/3128
942 _cBOOK
980 _aNB